LEADER 02777nam 2200577 a 450 001 9910453029903321 005 20200520144314.0 010 $a1-61470-430-9 035 $a(CKB)2550000001042179 035 $a(EBL)3019577 035 $a(SSID)ssj0000854447 035 $a(PQKBManifestationID)12410836 035 $a(PQKBTitleCode)TC0000854447 035 $a(PQKBWorkID)10902576 035 $a(PQKB)10343626 035 $a(MiAaPQ)EBC3019577 035 $a(Au-PeEL)EBL3019577 035 $a(CaPaEBR)ebr10671142 035 $a(OCoLC)830627728 035 $a(EXLCZ)992550000001042179 100 $a20110526d2012 uy 0 101 0 $aeng 135 $aur|n|---||||| 181 $ctxt 182 $cc 183 $acr 200 00$aAmphetamines$b[electronic resource] $eneurobiological mechanisms, pharmacology and effects /$fAntoine Rinco?n, editor 210 $aNew York $cNova Biomedical Books$d2012 215 $a1 online resource (209 p.) 225 1 $aNeuroscience research progress 300 $aDescription based upon print version of record. 311 $a1-61470-305-1 320 $aIncludes bibliographical references and index. 327 $aPsychopharmacology and neurotoxicology of methamphetamine and 3,4- methylenedioxymethamphetamine / Laurel M. Pritchard, Emily Hensleigh -- Methamphetamine and 3,4-methylene-dioxymethamphetamine : from classical to new molecular mechanisms of neurotoxicity / J. Camarasa ... [et al.] -- Abuse-independent effects of amphetamines / Shiow-Chwen Tsai, Po-Ling Yu, Paulus S. Wang -- Enhance or reduce the rewarding effects : interpretation of drug dependence by amphetamine sensitization / Yia-Ping Liu, Che-Se Tung -- Amphetamine effects on allergic lung inflammation / Ana Paula Ligeiro de Oliveira ... [et al.] -- Withdrawal from amphetamines as an animal model of schizophrenia / D. Peleg-Raibstein -- Regulating the expression patterns of bizarre behavior : a therapeutic option for amphetamine-type drug-induced sterotypy? / Junichi Kitananka ... [et al.] -- The importance of contextual control over amphetamine dependence : evidence from an animal model of addiction / M.L. Andersen, R. Frussa-Filho, S. Tufik. 410 0$aNeuroscience research progress series. 606 $aAmphetamines 606 $aAmphetamines$xPhysiological effect 606 $aNervous system$xDrug effects 608 $aElectronic books. 615 0$aAmphetamines. 615 0$aAmphetamines$xPhysiological effect. 615 20$aNervous system$xDrug effects. 676 $a615.7/8 701 $aRinco?n$b Antoine$0900839 801 0$bMiAaPQ 801 1$bMiAaPQ 801 2$bMiAaPQ 906 $aBOOK 912 $a9910453029903321 996 $aAmphetamines$92013263 997 $aUNINA LEADER 01524nam0 22003253i 450 001 RMR0008749 005 20231121125805.0 100 $a20030129d1972 ||||0itac50 ba 101 | $aita 102 $ait 181 1$6z01$ai $bxxxe 182 1$6z01$an 200 1 $a˜«œRomanitas» pisana tra 11. e 12. secolo$ele iscrizioni romane del duomo e la statua del console Rodolfo$fGiuseppe Scalia 210 $aSpoleto$cCentro italiano di studi sull'alto medioevo$d[1972] 215 $aP. 791-843, 13 p. di tav. di cui 1 ripieg.$cill.$d24 cm 300 $aEstratto da: Studi medievali, 3. serie, 13./2 (1972) 606 $aIscrizioni latine$xPisa$xDuomo$2FIR$3RMLC195804$9I 606 $aPisa$xStatua del console Rodolfo$2FIR$3RMLC195809$9I 700 1$aScalia$b, Giuseppe$f <1929-2017>$3CFIV035979$4070$0752231 801 3$aIT$bIT-01$c20030129 850 $aIT-RM0281 $aIT-RM0418 $aIT-RM0151 $aIT-FR0017 899 $aBIBLIOTECA VALLICELLIANA$bRM0281 899 $aBIBLIOTECA ACCADEMIA NAZ. DEI LINCEI E CORSINIANA$bRM0418 899 $aBiblioteca Istituto Storico Italiano Medio Evo - I$bRM0151 899 $aBiblioteca umanistica Giorgio Aprea$bFR0017 $eN 912 $aRMR0008749 950 0$aBiblioteca umanistica Giorgio Aprea$d 52MAG 6/259$e 52MAG0000017905 VMB RS $fA $h20201007$i20201007 977 $a 08$a 10$a 41$a 52 996 $aRomanitas» pisana tra 11. e 12. secolo$93634472 997 $aUNICAS